000 00498nam a2200157 a 4500
001 000035472
005 20200930074352.0
008 111101s1995 nyud 000 0 spa d
020 _a0029166624
040 _aDO-SdBNP
_bspa
_cBNPHU
082 _axxxx
_bJ76w
100 1 _aJones, John Philip,
_d1930-
_961337
245 1 0 _aWhen ads work :
_bnew proof that advertising triggers sales /
_cJohn Philip Jones.
260 _aNew York :
_bLexington Books,
_c1995.
300 _axvi, 240 p. :
_bdiagrs. ;
_c25 cm.
999 _c34963
_d34963